Futheader's Country - Statistics

General Stats
  • This quiz has been taken 55 times
  • The average score is 21 of 30
Answer Stats
Futheader Country % Correct
fontebaby England
96%
gabriponte22 Italy
92%
danigo98 Spain
92%
Bananenjoe91 Germany
90%
Goldfish324 Ireland
90%
Mellea123alt Sweden
90%
meisterchief711 USA
88%
MAN0 Finland
86%
ForzaRacing Belgium
84%
fcbayernboy Poland
84%
mattonico Argentina
82%
GameOverTown Canada
82%
ElChris04 Scotland
82%
LapadulaTheGOAT China
80%
LOTTEKKE Holland
80%
InDavisWeTrust Northern Ireland
73%
6ix9iner Mexico
69%
iGorkaa Ukraine
69%
LaidIsHere Israel
67%
DingoDawg Norway
63%
CareerModeChallenge Wales
61%
kallinn Iceland
57%
MattPotato2002 Australia
53%
Mario_29 Croatia
53%
GoodFifaPlayer Romania
53%
gkater Greece
49%
LewanGoalskiscores Iran
41%
HenrySheperd23 Philippines
35%
ABigFatJoke Bangladesh
10%
SanzharShockWAVE Kazakhstan
6%
No matching quizzes found
Score Distribution
Percent of People with Each Score
Percentile by Number Answered
Your Score History
You have not taken this quiz